banner-ar

"المبادرة التاريخية نحو ""طرق الحرير""الجديد" / (Record no. 31693)

MARC details
000 -الفاتح
حقل البيانات ثابتة الطول 00724nam a2200229Ia 4500
008 - عناصر البيانات ثابتة الطول - معلومات عامة
حقل البيانات ثابتة الطول 140319s9999 xx 000 0 ara d
040 ## - مصدر الفهرسة
وكالة الفهرسة الأصلية GCL /
وكالة النسخ GCL
082 04 - رقم تصنيف ديوى العشرى
رقم التصنيف 330.951
رقم المادة ا م
100 1# - المدخل الرئيسى - إسم شخصى
الإسم الشخصى انور عبدالملك
245 10 - بيان العنوان
العنوان "المبادرة التاريخية نحو ""طرق الحرير""الجديد" /
بيان المسئوليه,etc انور عبدالملك
700 1# - المدخل الاضافى - اسم شخصى
الإسم الشخصى السيد محرز خليفة
260 ## - PUBLICATION, DISTRIBUTION, ETC. (IMPRINT)
تاريخ النشر أو التوزيع 1993
300 ## - الوصف المادى
التعداد 69
490 ## - بيان السلسلة
عنوان السلسلة
650 04 - المدخل الاضافى بالموضوع-مصطلح موضوعى
مصطلح موضوعي الاقتصاد
650 04 - المدخل الاضافى بالموضوع-مصطلح موضوعى
مصطلح موضوعي اليابان
650 04 - المدخل الاضافى بالموضوع-مصطلح موضوعى
مصطلح موضوعي الاشتراكية
650 04 - المدخل الاضافى بالموضوع-مصطلح موضوعى
مصطلح موضوعي التنمية الاقتصادية
650 04 - المدخل الاضافى بالموضوع-مصطلح موضوعى
مصطلح موضوعي الصين
942 ## - عناصر المدخل الإضافي( كوها)
مصدر التصنيف او مخطط الترفيف Dewey Decimal Classification
Koha [default] item type كتاب
260 ## - PUBLICATION, DISTRIBUTION, ETC. (IMPRINT)
-- [S.N] :
-- الهيئة العامة للاستعلامات ،
Holdings
حالة التراجع حالة الفقد حالة تلف ليس للاعارة المكان المؤقت الموقع الحالى تاريخ الاكتساب اجمالي اﻻعارات رقم الطلب الباركود تاريخ اخر مشاهدة تاريخ تفعيل السعر نوع وعاء كوها
        مكتبة القاهرة الكبرى مكتبة القاهرة الكبرى 03/26/2014   330.951\ا م 74309 03/26/2014 03/26/2014 كتاب

Powered By

EGPV